000 00321nam a2200085Ia 4500
245 0 _aDie geheimenis van die wingerdstok vir vroue : breek deur na 'n lewe van oorvloed
100 _a WILKINSON, Darlene Marie Vereeniging, 2003 1ste Afrikaanse uitg
_983609
942 _cBK
008 210819s9999 xx 000 0 und d
999 _c305116
_d305115